000 00642nam a2200253Ia 4500
005 20260121160735.0
008 008 260114s9999 xx 000 0 eng d
020 _a9781315646350
037 _aEBOOK
040 _aCRL
040 _beng
040 _cCRL
041 _2eng
041 _aeng
084 _qCRL
100 _a Majid Daneshgar; Peter G. Riddell; Andrew Rippin
_91035725
245 4 _aThe Qur'an in the Malay-Indonesian World
260 _bTaylor and Francis
260 _c2016
856 _uhttp://www.taylorfrancis.com/books/9781315646350
942 _cEBOOK
999 _c1602541
_d1602541